[Event "EU-ch Online U2300 Qual"]
[Site "Chess.com INT"]
[Date "2020.05.25"]
[Round "2"]
[White "Prigodin, Ruslan"]
[Black "Ruperez Benito, Antonio"]
[Result "1/2-1/2"]
[WhiteElo "2036"]
[BlackElo "2356"]
[PlyCount "42"]
[EventDate "2020.05.25"]
[EventType "swiss"]
[EventRounds "8"]
[EventCountry "NET"]
[SourceTitle "EXT 2021"]
[Source "ChessBase"]
[SourceDate "2020.10.23"]
[SourceVersion "1"]
[SourceVersionDate "2020.10.23"]
[SourceQuality "1"]

1. d4 e6 2. Nf3 d5 3. c4 Nf6 4. g3 Be7 5. Bg2 0-0 6. 0-0 dxc4 7. Qc2 a6 8. a4 Nc6 9. Qxc4 Bd7 10. Bf4 Nd5 11. Nc3 Nxf4 12. gxf4 Nb4 13. Ne5 Bc6 14. Nxc6 Nxc6 15. Bxc6 bxc6 16. e3 Qd7 17. Rfc1 Rab8 18. Ne4 e5 19. dxe5 Rb4 20. Qc2 Rfb8 21. Ng3 c5 1/2-1/2

[Event "Klaipeda Sea op-B 16th"]
[Site "Klaipeda"]
[Date "2019.07.28"]
[Round "7"]
[White "Prigodin, Ruslan"]
[Black "Sibajeva, Marija"]
[Result "1/2-1/2"]
[WhiteElo "2033"]
[BlackElo "1996"]
[PlyCount "29"]
[EventDate "2019.07.22"]
[EventType "swiss"]
[EventRounds "7"]
[EventCountry "LTU"]
[SourceTitle "CBM 191 Extra"]
[Source "ChessBase"]
[SourceDate "2019.09.30"]
[SourceVersion "1"]
[SourceVersionDate "2019.09.30"]
[SourceQuality "1"]

1. d4 d5 2. c4 dxc4 3. e3 e5 4. Bxc4 exd4 5. exd4 Nf6 6. Qb3 Qe7+ 7. Ne2 Qb4+ 8. Nbc3 Qxb3 9. Bxb3 Bd7 10. Bf4 Bd6 11. Bxd6 cxd6 12. 0-0 0-0 13. Nf4 a6 14. Nfd5 Nxd5 15. Bxd5 1/2-1/2

[Event "Klaipeda Sea op-B 16th"]
[Site "Klaipeda"]
[Date "2019.07.25"]
[Round "4"]
[White "Stremavicius, Pijus"]
[Black "Prigodin, Ruslan"]
[Result "1-0"]
[WhiteElo "2080"]
[BlackElo "2033"]
[PlyCount "129"]
[EventDate "2019.07.22"]
[EventType "swiss"]
[EventRounds "7"]
[EventCountry "LTU"]
[SourceTitle "CBM 191 Extra"]
[Source "ChessBase"]
[SourceDate "2019.09.30"]
[SourceVersion "1"]
[SourceVersionDate "2019.09.30"]
[SourceQuality "1"]

1. d4 d5 2. c4 e6 3. Nf3 Nf6 4. g3 Bb4+ 5. Bd2 Be7 6. Bg2 0-0 7. 0-0 c6 8. Nc3 Nbd7 9. Bf4 Nh5 10. Bc1 Nhf6 11. b3 b6 12. Bb2 Bb7 13. e3 Rc8 14. Qe2 dxc4 15. bxc4 c5 16. Rac1 cxd4 17. exd4 Re8 18. Nd1 Qc7 19. Ne3 Be4 20. Rfd1 Qb7 21. h4 Bf8 22. Ne1 Bxg2 23. N1xg2 h5 24. Qd3 g6 25. Nf4 Qe4 26. Qxe4 Nxe4 27. Kg2 Bg7 28. Nd3 Red8 29. f3 Nef6 30. a4 Nb8 31. Ne5 Nfd7 32. f4 Nxe5 33. dxe5 Nc6 34. c5 Rxd1 35. Nxd1 Nb4 36. cxb6 Rxc1 37. Bxc1 axb6 38. Be3 Nd5 39. Bd4 Kf8 40. Ne3 Nxe3+ 41. Bxe3 Ke7 42. Bxb6 Kd7 43. Bc5 Kc6 44. Bb4 f6 45. Bc3 fxe5 46. Bxe5 Bf8 47. Kf3 Bb4 48. Bd4 Ba5 49. Bf2 Kd5 50. Ke2 e5 51. fxe5 Kxe5 52. Be1 Bc7 53. a5 Kd5 54. a6 Kc6 55. Bf2 Bd8 56. Be3 Bc7 57. Kf3 Ba5 58. Ke4 Bc3 59. a7 Kb7 60. Kd5 Be1 61. Bf4 g5 62. hxg5 h4 63. gxh4 Bxh4 64. g6 Bf6 65. Be5 1-0

[Event "Panevezys Elite op"]
[Site "Panevezys"]
[Date "2018.07.03"]
[Round "6"]
[White "Prigodin, Ruslan"]
[Black "Bekasovs, Rihards"]
[Result "1/2-1/2"]
[WhiteElo "2036"]
[BlackElo "2052"]
[PlyCount "69"]
[EventDate "2018.06.29"]
[EventType "swiss"]
[EventRounds "9"]
[EventCountry "LTU"]
[SourceTitle "CBM 185 Extra"]
[Source "ChessBase"]
[SourceDate "2018.07.29"]
[SourceVersion "1"]
[SourceVersionDate "2018.07.29"]
[SourceQuality "1"]

1. Nf3 Nf6 2. g3 b5 3. Bg2 Bb7 4. 0-0 e6 5. b3 d5 6. d3 Nbd7 7. Bb2 Be7 8. Nbd2 0-0 9. e4 dxe4 10. Ng5 Nc5 11. Ngxe4 Nfxe4 12. Nxe4 Nxe4 13. Bxe4 Bd5 14. Re1 Bf6 15. Bxf6 Qxf6 16. Bxd5 exd5 17. Qh5 c6 18. Qe5 Qxe5 19. Rxe5 Rfe8 20. Rae1 Kf8 21. f4 Rxe5 22. Rxe5 Re8 23. Kf2 Rxe5 24. fxe5 a5 25. Ke3 c5 26. d4 c4 27. bxc4 bxc4 28. Kf4 Ke7 29. g4 Ke6 30. h4 f6 31. exf6 Kxf6 32. c3 g6 33. a4 h6 34. g5+ hxg5+ 35. hxg5+ 1/2-1/2